| 000 | 00537nam a2200181Ia 4500 | ||
|---|---|---|---|
| 008 | 151202s9999||||xx |||||||||||||| ||und|| | ||
| 082 | _bPNVM-60128 | ||
| 100 | _aजााव पांडुरंग. | ||
| 245 | _aभोग. | ||
| 260 | _bनवसाहित्य बुक स्टॉल बेळगाव. | ||
| 260 | _c60128 | ||
| 300 | _a97 | ||
| 600 | _aजााव पांडुरंग. | ||
| 630 | _aभोग. | ||
| 700 | _aजााव पांडुरंग. | ||
| 730 | _aभोग. | ||
| 942 | _cBOOK | ||
| 999 |
_c1326662 _d1326659 |
||